000 00341nam a2200121Ia 4500
008 151001s9999||||xx |||||||||||||| ||und||
100 _aS. Raja Raghunathrao
245 _aRoyal coronation & My second to
260 _bAuthors press
260 _c1937
300 _a139
365 _b10
999 _c950086
_d950083